=LDR 00000nam 2200000 4500 =001 INLIS000000000045347 =005 20240507083419 =035 ##$$a 0010-011500000000173 =008 240507###########################0#ind## =020 ##$$a 978-979-678-383-0 =040 ##$$a NBPDMAT =082 ##$$a 028.5 =090 ##$$a 028.5 $b Ari b =100 ##$$a Ari Wahyu Aryandi =245 1#$$a Berpetualang di planet bumi /$c Ari Wahyu Aryandi =260 ##$$a Bandung :$b Sarana Panca Karya Usaha,$c 2011 =300 ##$$a 64 hlm. : $b ilus. ; $c 29 cm. =500 ##$$a Indeks : hlm. 63, Bibliografi : hlm.64 =650 #4$$a Bacaan Kanak - Kanak =850 ##$$a NBPDMAT =084 ##$$a 028.5 ARI b =990 ##$$a 21421042 =990 ##$$a 21421043 =990 ##$$a 21421044 =990 ##$$a 21421045 =990 ##$$a 21421046